Perahu lajar "Mappasikuwae" : (Record no. 57983)

MARC details
000 -LEADER
fixed length control field 00580cam a22002051i 4500
001 - CONTROL NUMBER
control field sa 64003518
003 - CONTROL NUMBER IDENTIFIER
control field DLC
005 - DATE AND TIME OF LATEST TRANSACTION
control field 20260227112018.0
008 - FIXED-LENGTH DATA ELEMENTS--GENERAL INFORMATION
fixed length control field 830425s1963 io 000 1 ind
010 ## - LIBRARY OF CONGRESS CONTROL NUMBER
LC control number sa 64003518
025 ## - OVERSEAS ACQUISITION NUMBER
Overseas acquisition number PL480:Indo-15
035 ## - SYSTEM CONTROL NUMBER
System control number (OCoLC)9444806
040 ## - CATALOGING SOURCE
Original cataloging agency DLC
Transcribing agency OAU
Modifying agency WU
-- DLC
042 ## - AUTHENTICATION CODE
Authentication code premarc
050 00 - LIBRARY OF CONGRESS CALL NUMBER
Classification number PL5089.M37
Item number P4
100 1# - MAIN ENTRY--PERSONAL NAME
Personal name Mattalioe, M. Bahar
Fuller form of name (Muhammad Bahar),
Dates associated with a name 1924-
245 10 - TITLE STATEMENT
Title Perahu lajar "Mappasikuwae" :
Remainder of title Roman revolusi /
Statement of responsibility, etc. oleh Bahar Mattalioe.
260 ## - PUBLICATION, DISTRIBUTION, ETC.
Place of publication, distribution, etc. Djakarta :
Name of publisher, distributor, etc. Tekad,
Date of publication, distribution, etc. 1963.
300 ## - PHYSICAL DESCRIPTION
Extent 52 p. ;
Dimensions 18 cm.

No items available.

Powered by Koha